Statistics for Most Common English Verbs - Extreme

Click here to take the quiz!

General Stats

  • This quiz has been taken 26,166 times
  • The average score is 81 of 250

Answer Stats

# verb % Correct
40run
91%
71walk
89%
1be
88%
5go
86%
118eat
85%
3do
83%
11see
82%
2have
76%
38hear
74%
48write
73%
237sleep
73%
10take
73%
77love
72%
70read
71%
8make
71%
31talk
70%
107drive
70%
39play
69%
18give
69%
4say
68%
50sit
67%
14look
64%
42like
64%
9think
64%
6get
63%
24feel
63%
67speak
61%
51stand
61%
80buy
61%
46live
61%
12come
59%
126listen
59%
19work
58%
205fly
58%
58watch
58%
221sing
57%
13want
57%
83die
56%
156lie
55%
27leave
55%
238touch
54%
72open
54%
52lose
53%
17tell
53%
29put
53%
132close
52%
21try
52%
59learn
51%
90kill
50%
7know
50%
97sell
50%
22ask
50%
16find
49%
20call
48%
85fall
48%
43move
48%
73win
48%
165laugh
47%
98pull
47%
137throw
47%
145push
46%
117hit
46%
32turn
46%
45hold
46%
163lay
45%
62stop
45%
36start
44%
84stay
44%
88cut
44%
37show
43%
120teach
43%
74grow
43%
125draw
42%
110break
41%
23need
41%
47bring
41%
204smile
40%
143fight
40%
35help
40%
15use
39%
28let
39%
54pay
39%
111wear
38%
169answer
38%
124catch
38%
44believe
37%
112pick
37%
229travel
37%
65create
37%
86build
36%
78wait
36%
87send
36%
30keep
36%
147enter
36%
241hurt
36%
119end
35%
34begin
34%
152shoot
34%
224wish
34%
55meet
34%
109carry
33%
149rise
33%
75remember
33%
56set
32%
180forget
32%
184study
31%
63understand
31%
66add
31%
108receive
31%
128choose
31%
172name
31%
60change
31%
144drop
31%
104hope
31%
131place
30%
193care
30%
179act
30%
155save
30%
64follow
29%
100pass
29%
192finish
29%
99raise
28%
171arrive
28%
146plan
28%
61lead
28%
25become
28%
167guess
27%
223beat
27%
182shake
27%
142fill
26%
69spend
25%
174hang
25%
68allow
25%
230born
24%
92reach
24%
148share
24%
26mean
24%
175miss
24%
136seek
24%
158wonder
24%
170fail
23%
103return
23%
189enjoy
23%
33seem
23%
106join
23%
240own
22%
215step
22%
102decide
22%
113agree
22%
95thank
21%
164prepare
21%
157argue
20%
53include
20%
123cover
20%
220test
20%
194visit
20%
178check
20%
129point
20%
161accept
19%
185remove
19%
217stare
19%
105explain
19%
115base
19%
76offer
19%
82serve
19%
81appear
18%
231vote
18%
57continue
18%
41happen
18%
198apply
18%
214sign
18%
207manage
17%
250strike
17%
209treat
17%
211worry
17%
191imagine
17%
208discover
17%
162present
17%
93remain
17%
49provide
17%
89expect
16%
247attend
16%
79consider
16%
138deal
16%
133increase
16%
183force
16%
173discuss
16%
216exist
15%
186form
15%
201perform
15%
210improve
15%
122face
15%
141note
15%
116produce
15%
159protect
15%
187prove
15%
114support
15%
235cost
15%
91suggest
14%
168state
14%
239suffer
14%
130realize
14%
181sound
14%
222tend
14%
101develop
14%
244release
14%
176design
14%
199respond
14%
188claim
14%
202head
14%
121describe
13%
227assume
13%
195avoid
13%
96report
13%
94require
13%
242recall
13%
232achieve
13%
219notice
13%
196reveal
13%
200control
13%
233admit
12%
203affect
12%
212mention
12%
140reduce
12%
166compare
12%
190maintain
12%
228examine
12%
153occur
12%
197contain
12%
127cause
12%
135represent
11%
248encourage
11%
160recognize
11%
154determine
11%
234publish
11%
249announce
11%
226figure
11%
245experience
11%
225prevent
11%
243refer
11%
218relate
10%
206reflect
10%
236conduct
10%
134involve
10%
177establish
10%
213address
10%
150identify
9%
151indicate
9%
246define
9%
139focus
9%

Score Distribution

Percentile by Number Answered

Percent of People with Each Score

Your Score History

You have not taken this quiz